000 00886nam a2200217Ia 4500
003 OSt
005 20260320115009.0
008 220922b |||||||| |||| 00| 0 hin d
020 _a8173120552 (hbk)
037 _cTB
040 _aARTS
_cARTS
_bhin
041 _2hin
_ahin
084 _a4:(D65,4) 152P5
_qAL
100 _aरावत, ज्ञानेन्द्र, संपा.
_9157585
245 0 _aसंचार माध्यम और इलैक्ट्रॉनिक मीडिया
246 _aSanchār mādhyam aur ilaikṭraॉnik mīḍiyā
260 _aदिल्ली:
_b श्री नटराज प्रकाशन,
_c2005.
300 _a198पृ.
_ccm.
942 _h4:(D65,4) 152P5
_cTB
_2CC
_n0
999 _c294477
_d294477